Kebu go dore go herua : go bagulondena J. (Record no. 39700)
[ view plain ]
| 000 -LEADER | |
|---|---|
| fixed length control field | 00554nam a22001811a 4500 |
| 005 - DATE AND TIME OF LATEST TRANSACTION | |
| control field | 20110718133048.0 |
| 008 - FIXED-LENGTH DATA ELEMENTS--GENERAL INFORMATION | |
| fixed length control field | 091005s1978 001 0 eng d |
| 020 ## - INTERNATIONAL STANDARD BOOK NUMBER | |
| International Standard Book Number | 9966409912 : |
| Terms of availability | 0.00 |
| 040 ## - CATALOGING SOURCE | |
| Original cataloging agency | NEGST Library - Kenya |
| 050 #4 - LIBRARY OF CONGRESS CALL NUMBER | |
| Classification number | BS 325.T63 1978 |
| 082 0# - DEWEY DECIMAL CLASSIFICATION NUMBER | |
| Classification number | BS 325.T63 1978 |
| 245 00 - TITLE STATEMENT | |
| Title | Kebu go dore go herua : go bagulondena J. |
| 260 ## - PUBLICATION, DISTRIBUTION, ETC. (IMPRINT) | |
| Name of publisher, distributor, etc | Alliance biblique univer, |
| Date of publication, distribution, etc | c1978. |
| 300 ## - PHYSICAL DESCRIPTION | |
| Extent | 547 p.; |
| 500 ## - GENERAL NOTE | |
| General note | [Africana] Includes maps. |
| 600 10 - SUBJECT ADDED ENTRY--PERSONAL NAME | |
| Personal name | Tobanga language - Bible. |
| 852 ## - LOCATION/CALL NUMBER | |
| -- | 4.00 |
| Withdrawn status | Lost status | Source of classification or shelving scheme | Damaged status | Not for loan | Collection code | Home library | Current library | Shelving location | Date acquired | Cost, normal purchase price | Full call number | Barcode | Date last seen | Copy number | Price effective from | Koha item type |
|---|---|---|---|---|---|---|---|---|---|---|---|---|---|---|---|---|
| Library of Congress Classification | Reference | AIU/NEGST - Tony Wilmot Memorial Library | AIU/NEGST - Tony Wilmot Memorial Library | Reference | 02/05/2010 | 4.00 | REF BS 325.T63 1978 | R34511M3232 | 09/26/2019 | 1 | 02/05/2010 | Africana collection ( Reference) |
